000 00313nam a22001457a 4500
008 221018b ||||| |||| 00| 0 eng d
020 _a9781558504448
041 _aeng
080 _a33
082 _a33
100 _a22.1
101 _aBIZ
245 _aKISS BOW OR SHAKE HANDS
_cMORRISON T
942 _2udc
_cBK
999 _c58596
_d58596